A practical guide to logical data modeling

שמור ב:
מידע ביבליוגרפי
מחבר ראשי: Tillmann, George (Author)
פורמט: ספר
שפה:אנגלית
יצא לאור: Nueva York McGraw-Hill 1993
נושאים:
תגים: הוספת תג
אין תגיות, היה/י הראשונ/ה לתייג את הרשומה!

MARC

LEADER 00000nam a2200000 a 4500
001 UCL2661
003 CL-VaPUC
008 031031e19930000US |||||||||||||||||eng|d
020 |a 0070646155 
082 0 4 |a 005.74  |b TIL  |2 21 
100 0 |a Tillmann, George  |e author  |9 479782 
245 1 2 |a A practical guide to logical data modeling 
300 |a 248 p 
942 |c BK 
945 |d 20031031 00:00:00  |a cmena 
260 |a Nueva York  |b McGraw-Hill  |c 1993 
650 0 |a Diseño de bases de datos   |9 384787 
650 0 |a Bases de datos   |9 260577 
650 0 |a Modelos matemáticos   |9 259437 
583 |a last modification  |c 20031031 00:00:00  |k Rodrigo Vera 
999 |c 305913  |d 305911 
952 |0 0  |1 0  |4 0  |6 005_740000000000000_TIL_1993  |7 0  |8 A  |9 370471  |a BIBING  |b BIBING  |d 2019-11-21  |i 3954021  |o 005.74 TIL 1993  |p 3954021  |r 2025-01-20  |w 2019-11-21  |y BK  |k EII